[Event "ITA-chTB 53rd"]
[Site "Montesilvano"]
[Date "2022.04.22"]
[Round "5.3"]
[White "Moroni, Luca Jr"]
[Black "Rombaldoni, Denis"]
[Result "0-1"]
[WhiteElo "2584"]
[BlackElo "2485"]
[PlyCount "74"]
[EventDate "2022.04.19"]
[EventType "team-tourn"]
[EventRounds "7"]
[EventCountry "ITA"]
[SourceTitle "CBM 207 Extra"]
[Source "ChessBase"]
[SourceDate "2022.05.31"]
[SourceVersion "1"]
[SourceVersionDate "2022.05.31"]
[SourceQuality "1"]
[WhiteTeam "Cerianese Scacchistica"]
[BlackTeam "Chieti"]
[WhiteTeamCountry "ITA"]
[BlackTeamCountry "ITA"]

1. d4 d6 2. Nf3 Nf6 3. g3 Nbd7 4. Bg2 e5 5. c4 c6 6. 0-0 e4 7. Ne1 d5 8. Nc3 Be7 9. Bf4 0-0 10. Rc1 Nb6 11. cxd5 cxd5 12. f3 exf3 13. Nxf3 Nh5 14. Be3 Be6 15. Ne5 Rc8 16. Qb3 Bg5 17. Bxg5 Qxg5 18. Rcd1 Nf6 19. Qa3 Nc4 20. Nxc4 Rxc4 21. Qxa7 Rb4 22. Rd3 Rxb2 23. Qa3 Rb6 24. Qe7 Re8 25. Qc7 Rb2 26. a4 Rc8 27. Qe5 h6 28. h4 Qg6 29. Nxd5 Nxd5 30. Bxd5 Bxd5 31. Qxd5 Rxe2 32. Qxb7 Rcc2 33. Ra3 f6 34. Qa8+ Kh7 35. Qf3 Qg4 36. Qf5+ Kh8 37. Rf2 Re1+ 0-1

[Event "ITA-chTB 53rd"]
[Site "Montesilvano"]
[Date "2022.04.21"]
[Round "4.3"]
[White "Rombaldoni, Denis"]
[Black "Caprio, Guido"]
[Result "0-1"]
[WhiteElo "2485"]
[BlackElo "2426"]
[PlyCount "52"]
[EventDate "2022.04.19"]
[EventType "team-tourn"]
[EventRounds "7"]
[EventCountry "ITA"]
[SourceTitle "CBM 207 Extra"]
[Source "ChessBase"]
[SourceDate "2022.05.31"]
[SourceVersion "1"]
[SourceVersionDate "2022.05.31"]
[SourceQuality "1"]
[WhiteTeam "Chieti"]
[BlackTeam "Il Grifone D’Arzignano"]
[WhiteTeamCountry "ITA"]
[BlackTeamCountry "ITA"]

1. d4 d5 2. Nf3 Nf6 3. e3 e6 4. Bd3 c5 5. b3 Nc6 6. 0-0 Bd6 7. Bb2 cxd4 8. exd4 b6 9. Nbd2 Bb7 10. Ne5 0-0 11. a3 Ne7 12. Qe2 Rc8 13. h4 Nf5 14. h5 Ne4 15. Ndf3 Qe7 16. c4 f6 17. Ng4 Qf7 18. Bxe4 dxe4 19. Nd2 Ne7 20. h6 Ng6 21. f3 f5 22. fxe4 Nf4 23. Qe3 fxg4 24. hxg7 Qxg7 25. c5 Qh6 26. Nc4 Ne2+ 0-1

[Event "ITA-chTB 52nd"]
[Site "Montesilvano"]
[Date "2021.09.23"]
[Round "5.2"]
[White "Ortega, Lexy"]
[Black "Rombaldoni, Denis"]
[Result "1/2-1/2"]
[WhiteElo "2459"]
[BlackElo "2484"]
[PlyCount "120"]
[EventDate "2021.09.20"]
[EventType "team-tourn"]
[EventRounds "7"]
[EventCountry "ITA"]
[SourceTitle "CBM 204 Extra"]
[Source "ChessBase"]
[SourceDate "2021.11.30"]
[SourceVersion "1"]
[SourceVersionDate "2021.11.30"]
[SourceQuality "1"]
[WhiteTeam "Partenopea"]
[BlackTeam "Chieti"]
[WhiteTeamCountry "ITA"]
[BlackTeamCountry "ITA"]

1. d4 Nf6 2. Nf3 e6 3. Bf4 c5 4. e3 Nc6 5. c3 Nh5 6. Bg5 Be7 7. Bxe7 Qxe7 8. Nbd2 cxd4 9. cxd4 Nf6 10. a3 b6 11. Bd3 Bb7 12. Qe2 0-0 13. 0-0 d5 14. Rfc1 Rfc8 15. Ba6 Ne8 16. Rc3 Na5 17. Rac1 Nd6 18. Rxc8+ Rxc8 19. Rxc8+ Bxc8 20. Bxc8 Nxc8 21. b4 Nb7 22. Qb5 Nbd6 23. Qc6 Qb7 24. Qxb7 Nxb7 25. a4 f6 26. Kf1 a6 27. Ke2 Ne7 28. Kd3 Nc6 29. Kc3 Nd6 30. Ne1 Kf7 31. Nd3 g5 32. a5 bxa5 33. bxa5 Nb5+ 34. Kb3 Nxa5+ 35. Kb4 Nc6+ 36. Kc5 Nb8 37. Kb6 Ke7 38. Kb7 Nd7 39. Kxa6 Nd6 40. Nc5 e5 41. Nxd7 Kxd7 42. dxe5 fxe5 43. Nf3 Ke6 44. Nxg5+ Kf5 45. Nf3 Ne4 46. g4+ Ke6 47. Kb5 Kd6 48. h4 Nxf2 49. g5 Ng4 50. h5 Ke6 51. g6 hxg6 52. hxg6 e4 53. g7 Kf7 54. Nd2 Nxe3 55. Kc5 Ng4 56. Kxd5 e3 57. Nf3 e2 58. Kd4 Kxg7 59. Kd3 Ne5+ 60. Kxe2 Nxf3 1/2-1/2

[Event "ITA-chTB 52nd"]
[Site "Montesilvano"]
[Date "2021.09.22"]
[Round "4.2"]
[White "Rombaldoni, Denis"]
[Black "Corvi, Marco"]
[Result "1-0"]
[WhiteElo "2484"]
[BlackElo "2255"]
[PlyCount "70"]
[EventDate "2021.09.20"]
[EventType "team-tourn"]
[EventRounds "7"]
[EventCountry "ITA"]
[SourceTitle "CBM 204 Extra"]
[Source "ChessBase"]
[SourceDate "2021.11.30"]
[SourceVersion "1"]
[SourceVersionDate "2021.11.30"]
[SourceQuality "1"]
[WhiteTeam "Chieti"]
[BlackTeam "Lazio Scacchi"]
[WhiteTeamCountry "ITA"]
[BlackTeamCountry "ITA"]

1. d4 f5 2. c4 Nf6 3. Nc3 e6 4. Qc2 b6 5. e3 Bb7 6. f3 Bb4 7. Bd3 Nc6 8. Nge2 Qe7 9. a3 Bxc3+ 10. Qxc3 d5 11. b4 dxc4 12. Qxc4 Nd8 13. 0-0 0-0 14. Bd2 Nf7 15. Rac1 Rac8 16. b5 Kh8 17. Nf4 Nd5 18. Nxd5 Bxd5 19. Qa4 Nd6 20. Qxa7 Rfd8 21. Qa4 Ra8 22. Qb4 Qd7 23. Rc3 Ra7 24. a4 h6 25. Be1 g5 26. Bg3 h5 27. Be5+ Kh7 28. Rfc1 Kg6 29. Qb1 Qf7 30. Qc2 Rd7 31. e4 Ba8 32. d5 exd5 33. exf5+ Kh6 34. h4 gxh4 35. f6 Ne4 1-0

[Event "ITA-chTB 52nd"]
[Site "Montesilvano"]
[Date "2021.09.20"]
[Round "1.2"]
[White "De Eccher, Stefano"]
[Black "Rombaldoni, Denis"]
[Result "0-1"]
[WhiteElo "2208"]
[BlackElo "2484"]
[PlyCount "84"]
[EventDate "2021.09.20"]
[EventType "team-tourn"]
[EventRounds "7"]
[EventCountry "ITA"]
[SourceTitle "CBM 204 Extra"]
[Source "ChessBase"]
[SourceDate "2021.11.30"]
[SourceVersion "1"]
[SourceVersionDate "2021.11.30"]
[SourceQuality "1"]
[WhiteTeam "Canal Cib Unigas"]
[BlackTeam "Chieti"]
[WhiteTeamCountry "ITA"]
[BlackTeamCountry "ITA"]

1. e4 g6 2. d4 Bg7 3. Nc3 c6 4. Be3 d5 5. f3 dxe4 6. fxe4 e5 7. d5 Nf6 8. Be2 cxd5 9. exd5 0-0 10. Qd2 Ng4 11. Bxg4 Bxg4 12. h3 Bd7 13. Nf3 Na6 14. 0-0 Rc8 15. Kh1 b6 16. Rad1 f6 17. Rfe1 Rf7 18. Bf2 Kh8 19. Bh4 Qf8 20. Ne4 Nc5 21. Nxc5 Qxc5 22. c3 Be8 23. Rc1 b5 24. b3 Qf8 25. Rc2 Bh6 26. Qe2 Rfc7 27. c4 g5 28. Bg3 Bg6 29. Rcc1 g4 30. Nxe5 fxe5 31. Bxe5+ Kg8 32. Bxc7 Rxc7 33. Qe6+ Rf7 34. Rcd1 gxh3 35. d6 hxg2+ 36. Kxg2 Qg7 37. Qg4 Rf4 38. Re8+ Bxe8 39. Qxg7+ Bxg7 40. d7 Bxd7 41. Rxd7 bxc4 42. bxc4 Rf7 0-1

[Event "Montesilvano Adriatico op 22nd"]
[Site "Montesilvano"]
[Date "2021.06.05"]
[Round "2"]
[White "Paduano, Claudio"]
[Black "Rombaldoni, Denis"]
[Result "0-1"]
[WhiteElo "2204"]
[BlackElo "2477"]
[PlyCount "102"]
[EventDate "2021.06.04"]
[EventType "swiss"]
[EventRounds "5"]
[EventCountry "ITA"]
[SourceTitle "CBM 202 Extra"]
[Source "ChessBase"]
[SourceDate "2021.07.31"]
[SourceVersion "1"]
[SourceVersionDate "2021.07.31"]
[SourceQuality "1"]

1. d4 d6 2. e4 Nf6 3. f3 e5 4. dxe5 dxe5 5. Qxd8+ Kxd8 6. Bc4 Ke8 7. Be3 Nc6 8. c3 Na5 9. Nd2 Nxc4 10. Nxc4 Nd7 11. a4 a5 12. Ne2 b6 13. Nc1 Ba6 14. Nd2 Bd6 15. Kf2 Ke7 16. b3 Rhd8 17. c4 Bc5 18. Nd3 Bxe3+ 19. Kxe3 f6 20. Rhc1 Nf8 21. f4 exf4+ 22. Nxf4 c6 23. Nf3 Nd7 24. Nd4 Ne5 25. h3 g5 26. Nh5 Rd7 27. Ng3 c5 28. Ndf5+ Ke6 29. Rd1 Rad8 30. Rxd7 Rxd7 31. Rb1 Bb7 32. Ke2 h5 33. Rd1 h4 34. Rxd7 Nxd7 35. Nf1 Bxe4 36. N5e3 Ne5 37. Nd2 Bc6 38. Nb1 Ng6 39. Nc3 Nf4+ 40. Kf2 f5 41. Nb1 Nd3+ 42. Kf1 Ke5 43. Nc3 Nc1 44. Ned5 Nxb3 45. Nxb6 Nd2+ 46. Ke2 Ne4 47. Nb5 Nd6 48. Nc7 Bxg2 49. Ke3 f4+ 50. Kd3 Bxh3 51. Na6 Bf5+ 0-1

[Event "Montesilvano Adriatico op 22nd"]
[Site "Montesilvano"]
[Date "2021.06.04"]
[Round "1"]
[White "Rombaldoni, Denis"]
[Black "Castelfranchi, Carlo"]
[Result "1-0"]
[WhiteElo "2477"]
[BlackElo "1984"]
[PlyCount "93"]
[EventDate "2021.06.04"]
[EventType "swiss"]
[EventRounds "5"]
[EventCountry "ITA"]
[SourceTitle "CBM 202 Extra"]
[Source "ChessBase"]
[SourceDate "2021.07.31"]
[SourceVersion "1"]
[SourceVersionDate "2021.07.31"]
[SourceQuality "1"]

1. d4 Nf6 2. Nf3 g6 3. Bf4 Bg7 4. e3 0-0 5. Be2 d5 6. 0-0 c5 7. c3 Qb6 8. Qc1 cxd4 9. exd4 Nc6 10. h3 Bd7 11. Nbd2 Ne4 12. Nxe4 dxe4 13. Ng5 Rac8 14. Qe3 Na5 15. Rab1 f5 16. h4 h6 17. Nh3 Kh7 18. Rfd1 Bb5 19. Bxb5 Qxb5 20. b3 Rfd8 21. Qg3 Qd7 22. Rbc1 b5 23. d5 Nb7 24. Be5 Bxe5 25. Qxe5 Qc7 26. Qe6 Rf8 27. h5 gxh5 28. d6 exd6 29. Nf4 Qf7 30. Rd5 Qxe6 31. Nxe6 Rfe8 32. Rxb5 Rxe6 33. Rxb7+ Kg6 34. Rxa7 d5 35. Rd7 Ra6 36. Rc2 Rac6 37. Rxd5 Rxc3 38. Rxc3 Rxc3 39. Rd2 Rc1+ 40. Kh2 f4 41. Rb2 Kf5 42. b4 e3 43. fxe3 fxe3 44. b5 Ke4 45. b6 Kd3 46. b7 e2 47. Rxe2 1-0

[Event "Bunratty Online"]
[Site "Chess.com INT"]
[Date "2021.02.20"]
[Round "6"]
[White "Kanyamarala, Trisha"]
[Black "Rombaldoni, Denis"]
[Result "1-0"]
[WhiteElo "2180"]
[BlackElo "2477"]
[PlyCount "93"]
[EventDate "2021.02.20"]
[EventType "swiss (blitz)"]
[EventRounds "9"]
[EventCountry "IRL"]
[SourceTitle "CBM 200 Extra"]
[Source "ChessBase"]
[SourceDate "2021.03.31"]
[SourceVersion "1"]
[SourceVersionDate "2021.03.31"]
[SourceQuality "1"]

1. d4 d6 2. c4 e5 3. Nc3 Nc6 4. Nf3 exd4 5. Nxd4 Nge7 6. g3 g6 7. Bg2 Bg7 8. Nf3 0-0 9. 0-0 Be6 10. Nd5 Qd7 11. Bg5 f6 12. Bc1 Rae8 13. Re1 Ne5 14. b3 f5 15. Nxe5 Bxe5 16. Rb1 c6 17. Nxe7+ Rxe7 18. Ba3 Rd8 19. Qd2 Qc7 20. Rbd1 Red7 21. e4 fxe4 22. Bxe4 Bg4 23. Rc1 Bf6 24. Qf4 Bf5 25. Bxf5 gxf5 26. Qxf5 Bg7 27. Qe6+ Rf7 28. Rcd1 c5 29. Bc1 Rdf8 30. Bf4 Bd4 31. Qg4+ Rg7 32. Qe6+ Kh8 33. Rxd4 cxd4 34. Bxd6 Qd8 35. Bxf8 Qxf8 36. Qd5 Rf7 37. Qxd4+ Kg8 38. Re4 h5 39. Re5 Qh6 40. Re8+ Rf8 41. Qd5+ Kg7 42. Qe5+ Kg8 43. Qd5+ Kg7 44. Re7+ Kh8 45. Qe5+ Qf6 46. Qxh5+ Kg8 47. Qh7# 1-0

[Event "ITA-ch Online Qual GpB"]
[Site "Premium Chess Arena INT"]
[Date "2020.11.20"]
[Round "7.5"]
[White "Dvirnyy, Danyyil"]
[Black "Rombaldoni, Denis"]
[Result "0-1"]
[WhiteElo "2485"]
[BlackElo "2477"]
[PlyCount "116"]
[EventDate "2020.11.18"]
[EventType "tourn (rapid)"]
[EventRounds "9"]
[EventCountry "ITA"]
[EventCategory "10"]
[SourceTitle "CBM 199 Extra"]
[Source "ChessBase"]
[SourceDate "2021.01.31"]
[SourceVersion "1"]
[SourceVersionDate "2021.01.31"]
[SourceQuality "1"]

1. e4 d6 2. d4 g6 3. Nc3 Bg7 4. Be3 a6 5. g4 Nc6 6. d5 Na7 7. h4 h5 8. gxh5 Rxh5 9. Be2 Rh8 10. Qd2 c5 11. dxc6 Nxc6 12. Nf3 Bg4 13. Nd5 Rc8 14. Bb6 Qd7 15. 0-0-0 Bxf3 16. Bxf3 Ne5 17. Be2 Qa4 18. Nc3 Qc6 19. Bd4 Nf6 20. f3 b5 21. Kb1 Bh6 22. Be3 Bxe3 23. Qxe3 b4 24. Nd5 Nxd5 25. exd5 Qxc2+ 26. Ka1 Qc5 27. Qd2 Qb6 28. f4 Nd7 29. Bg4 f5 30. Bf3 b3 31. Rc1 Rxc1+ 32. Qxc1 Nc5 33. Qc3 Rh7 34. h5 gxh5 35. Bxh5+ Kd8 36. Qg3 Qa5 37. a3 Rh8 38. Qg6 Qd2 39. Qxf5 Qc2 40. Qg4 Na4 41. Rb1 Nc3 42. Bg6 Qd2 43. Qe6 Qxd5 44. Qxd5 Nxd5 45. Bf7 Nxf4 46. Bxb3 e5 47. Rc1 Kd7 48. Bc4 a5 49. b4 axb4 50. axb4 Rb8 51. b5 Rc8 52. b6 Rb8 53. Bb5+ Ke6 54. Rc6 Kd5 55. Kb2 Ne6 56. Ba4 Nc5 57. Bb5 Nd7 58. Kc3 Rxb6 0-1

[Event "ITA-ch Online Qual GpB"]
[Site "Premium Chess Arena INT"]
[Date "2020.11.20"]
[Round "8.1"]
[White "Godena, Michele"]
[Black "Rombaldoni, Denis"]
[Result "1-0"]
[WhiteElo "2448"]
[BlackElo "2477"]
[PlyCount "103"]
[EventDate "2020.11.18"]
[EventType "tourn (rapid)"]
[EventRounds "9"]
[EventCountry "ITA"]
[EventCategory "10"]
[SourceTitle "CBM 199 Extra"]
[Source "ChessBase"]
[SourceDate "2021.01.31"]
[SourceVersion "1"]
[SourceVersionDate "2021.01.31"]
[SourceQuality "1"]

1. e4 d6 2. d4 g6 3. Nf3 Bg7 4. Bc4 a6 5. 0-0 e6 6. Re1 Ne7 7. c3 0-0 8. Bb3 Nd7 9. Nbd2 b5 10. Nf1 Bb7 11. Ng3 c5 12. h4 c4 13. Bc2 e5 14. h5 Nc6 15. Be3 Nf6 16. Qe2 Qc7 17. Rad1 Bc8 18. Nh2 exd4 19. cxd4 Re8 20. Qf3 Qd7 21. h6 Bh8 22. e5 Bb7 23. Bf5 gxf5 24. exf6 Bxf6 25. Nh5 Bh8 26. Qg3+ Kf8 27. Qg7+ Bxg7 28. hxg7+ Kg8 29. Nf6+ Kxg7 30. Nxd7 Nb4 31. d5 Nd3 32. Bd4+ Kg6 33. Rxe8 Rxe8 34. Nf3 Bxd5 35. Nh4+ Kg5 36. Nf6 Re1+ 37. Rxe1 Nxe1 38. Nxd5 Kxh4 39. Nb4 a5 40. Bc3 Nxg2 41. Kxg2 axb4 42. Bxb4 d5 43. Kf3 d4 44. b3 cxb3 45. axb3 Kh3 46. Bc5 d3 47. Ke3 f4+ 48. Kxd3 Kg2 49. Ke4 f3 50. Kf4 f6 51. Kg4 b4 52. Kh5 1-0

[Event "ITA-ch Online Qual GpB"]
[Site "Premium Chess Arena INT"]
[Date "2020.11.19"]
[Round "6.2"]
[White "Rombaldoni, Denis"]
[Black "Basso, Pier Luigi"]
[Result "1/2-1/2"]
[WhiteElo "2477"]
[BlackElo "2561"]
[PlyCount "168"]
[EventDate "2020.11.18"]
[EventType "tourn (rapid)"]
[EventRounds "9"]
[EventCountry "ITA"]
[EventCategory "10"]
[SourceTitle "CBM 199 Extra"]
[Source "ChessBase"]
[SourceDate "2021.01.31"]
[SourceVersion "1"]
[SourceVersionDate "2021.01.31"]
[SourceQuality "1"]

1. Nf3 d5 2. g3 c6 3. Bg2 Bg4 4. 0-0 e6 5. d3 Bd6 6. Nbd2 Ne7 7. h3 Bh5 8. e4 Nd7 9. d4 0-0 10. c3 f6 11. Re1 Re8 12. Qb3 Rb8 13. a4 Bf7 14. e5 Bc7 15. exf6 gxf6 16. Nf1 Nf5 17. N1h2 e5 18. dxe5 fxe5 19. Bg5 Qc8 20. Ng4 Kg7 21. Qc2 Bg6 22. Qd2 h5 23. Nh6 Nc5 24. Nxf5+ Qxf5 25. Nh4 Qd3 26. Bh6+ Kh7 27. Qg5 Bd8 28. Qxg6+ Qxg6 29. Nxg6 Kxg6 30. Be3 Nd3 31. Red1 Nxb2 32. Rdb1 Nc4 33. Bxa7 Ra8 34. Rxb7 Re7 35. Rxe7 Bxe7 36. Be3 Nxe3 37. fxe3 Bc5 38. Kh2 Bxe3 39. Re1 d4 40. cxd4 exd4 41. Bxc6 Rc8 42. Be4+ Kf6 43. Kg2 Ke5 44. Bd3 Rc3 45. Bb5 Ke4 46. h4 d3 47. Rd1 d2 48. Be2 Rc5 49. Rb1 Rc1 50. Rb4+ Bd4 51. Bxh5 d1Q 52. Bxd1 Rxd1 53. Rb3 Ra1 54. Kh3 Kf5 55. Rf3+ Ke5 56. Kg4 Rxa4 57. Kg5 Ra8 58. h5 Rg8+ 59. Kh4 Ke6 60. g4 Bf6+ 61. Kg3 Ra8 62. Rb3 Ra1 63. Rb6+ Ke5 64. Rb5+ Ke4 65. Rb4+ Ke5 66. Rb5+ Ke4 67. Rb4+ Bd4 68. h6 Rh1 69. g5 Ke5 70. Rb5+ Ke6 71. Kg4 Be3 72. Ra5 Kf7 73. Rf5+ Kg6 74. Rf6+ Kh7 75. Rf7+ Kg8 76. Rg7+ Kh8 77. Kf5 Ra1 78. g6 Ra5+ 79. Ke4 Bxh6 80. Rh7+ Kg8 81. Rxh6 Kg7 82. Rh1 Kxg6 83. Rg1+ Rg5 84. Rxg5+ Kxg5 1/2-1/2

[Event "Imola op2nd"]
[Site "Imola"]
[Date "2019.12.06"]
[Round "1"]
[White "Malfagia, Andrea"]
[Black "Rombaldoni, Denis"]
[Result "0-1"]
[WhiteElo "2192"]
[BlackElo "2493"]
[PlyCount "66"]
[EventDate "2019.12.06"]
[EventType "swiss"]
[EventRounds "5"]
[EventCountry "ITA"]
[SourceTitle "CBM 193 Extra"]
[Source "ChessBase"]
[SourceDate "2020.01.31"]
[SourceVersion "1"]
[SourceVersionDate "2020.01.31"]
[SourceQuality "1"]

1. d4 d6 2. e4 g6 3. c4 Bg7 4. Nc3 Nc6 5. Nge2 e5 6. d5 Nce7 7. h4 f5 8. h5 Nh6 9. hxg6 hxg6 10. Ng1 f4 11. Be2 Bd7 12. Bd2 g5 13. Bh5+ Kf8 14. Nh3 g4 15. Ng5 Nc8 16. Ne6+ Bxe6 17. dxe6 Qg5 18. Qa4 Nb6 19. Qa5 Ng8 20. c5 dxc5 21. Qxc5+ Ne7 22. 0-0-0 Rxh5 23. Rxh5 Qxh5 24. Nb5 Qg6 25. Nxc7 Rc8 26. Bb4 Bf6 27. Rd7 Kg8 28. Qd6 Qxe4 29. Rd8+ Kh7 30. Bc3 Qc6 31. Ne8 Qxd6 32. Nxf6+ Kg6 33. Rxd6 Kxf6 0-1

[Event "ITA-chTB 51st"]
[Site "Brixen Bressanone"]
[Date "2019.04.27"]
[Round "3.4"]
[White "Rombaldoni, Denis"]
[Black "Tomba, Ivan"]
[Result "1/2-1/2"]
[WhiteElo "2485"]
[BlackElo "2353"]
[PlyCount "71"]
[EventDate "2019.04.26"]
[EventType "team-swiss"]
[EventRounds "7"]
[EventCountry "ITA"]
[SourceTitle "CBM 190 Extra"]
[Source "ChessBase"]
[SourceDate "2019.07.15"]
[SourceVersion "1"]
[SourceVersionDate "2019.07.15"]
[SourceQuality "1"]
[WhiteTeam "Chieti"]
[BlackTeam "Bologna Le Due Torri"]
[WhiteTeamCountry "ITA"]
[BlackTeamCountry "ITA"]

1. Nf3 d5 2. g3 g6 3. Bg2 Bg7 4. d4 Nc6 5. c3 Nf6 6. h3 0-0 7. 0-0 Re8 8. Bf4 Nh5 9. Be3 e5 10. dxe5 Nxe5 11. Nxe5 Rxe5 12. Bd4 Re8 13. Nd2 Nf6 14. c4 Be6 15. Rc1 c6 16. e3 Qe7 17. c5 Bf5 18. Qb3 h5 19. Rfd1 Bh6 20. Re1 Nh7 21. Qc3 Qd7 22. Kh2 Ng5 23. h4 Nh7 24. Rcd1 Re6 25. e4 Rae8 26. Nc4 Bxe4 27. Bh3 Bf5 28. Nd6 Rxe1 29. Nxf5 gxf5 30. Rxe1 Rxe1 31. Qxe1 Qe6 32. Qe5 Qxe5 33. Bxe5 Nf8 34. Bxf5 Ne6 35. Bxe6 fxe6 36. b3 1/2-1/2

[Event "ITA-chTB 51st"]
[Site "Brixen Bressanone"]
[Date "2019.04.26"]
[Round "1.4"]
[White "Rombaldoni, Denis"]
[Black "Altini, Nicola"]
[Result "1-0"]
[WhiteElo "2485"]
[BlackElo "2426"]
[PlyCount "77"]
[EventDate "2019.04.26"]
[EventType "team-swiss"]
[EventRounds "7"]
[EventCountry "ITA"]
[SourceTitle "CBM 190 Extra"]
[Source "ChessBase"]
[SourceDate "2019.07.15"]
[SourceVersion "1"]
[SourceVersionDate "2019.07.15"]
[SourceQuality "1"]
[WhiteTeam "Chieti"]
[BlackTeam "WorldtradingLab"]
[WhiteTeamCountry "ITA"]
[BlackTeamCountry "ITA"]

1. Nf3 d5 2. g3 Bg4 3. Bg2 Nd7 4. h3 Bxf3 5. Bxf3 e6 6. d3 c6 7. e4 dxe4 8. dxe4 Ngf6 9. Nd2 e5 10. Qe2 Bc5 11. a4 a5 12. Nc4 Qc7 13. Bd2 0-0 14. 0-0 Rfe8 15. Rfd1 b6 16. Ne3 Nf8 17. Ng4 Nxg4 18. Bxg4 Ne6 19. c3 g6 20. Bh6 Qe7 21. Rd3 Rad8 22. Rad1 Rxd3 23. Rxd3 Qf6 24. h4 Bf8 25. Bxe6 Qxe6 26. Be3 Bc5 27. Bxc5 bxc5 28. Rd2 Qb3 29. h5 Qxa4 30. h6 Qb3 31. Rd6 Qb7 32. Qe3 Qe7 33. Rxc6 Qb7 34. Qxc5 a4 35. Qd6 f5 36. Rc7 Qxe4 37. Qf6 Qe1+ 38. Kg2 Qe4+ 39. Kh2 1-0